00389nam a2200157 a 450000100060000000300090000600800410001502000150005604000280007108200110009910000230011024500310013326000310016430000070019565000290020221441CO-ViMGA141112s2004 ck r 000 u spa d a9580483906 aCO-ViMGAbspacCO-ViMGA04aPIÑl1 aPiñeiro, Claudia10aUn ladrón entre nosotros aBogotá : bNorma, c2004 a9214aNOVELA JUVENIL ARGENTINA